Code of practice for project management for construction and development (Record no. 110484)

MARC details
000 -LEADER
fixed length control field 01080cam a22002775a 4500
001 - CONTROL NUMBER
control field L149395
008 - FIXED-LENGTH DATA ELEMENTS--GENERAL INFORMATION
fixed length control field 100301s2010 xxk f 000 0 eng d
020 ## - INTERNATIONAL STANDARD BOOK NUMBER
International Standard Book Number 9781405194204
035 ## - SYSTEM CONTROL NUMBER
System control number (Sirsi) u149395
041 0# - LANGUAGE CODE
Language code of text/sound track or separate title eng
050 04 - LIBRARY OF CONGRESS CALL NUMBER
Classification number 658.404 $2 18
110 2# - MAIN ENTRY--CORPORATE NAME
Corporate name or jurisdiction name as entry element Chartered Institute of Building
9 (RLIN) 2134
245 00 - TITLE STATEMENT
Title Code of practice for project management for construction and development
250 ## - EDITION STATEMENT
Edition statement 4th ed.
260 ## - PUBLICATION, DISTRIBUTION, ETC.
Place of publication, distribution, etc. Chichester
Name of publisher, distributor, etc. John Wiley & Sons
Date of publication, distribution, etc. 2010
300 ## - PHYSICAL DESCRIPTION
Extent xxii, 279p.
Other physical details ill.
Dimensions 30cm.
350 ## - PRICE (NR) (BK AM CF MU VM SE) [OBSOLETE]
Price 49.99
520 ## - SUMMARY, ETC.
Summary, etc. Fourth edition of this code of practice developed by the Chartered Institute of Building (CIOB) in consultation with representatives from other bodies including RICS and the RIBA. Illustrated with flowcharts and checklists, the first section covers the eight stages of projects, whilst the second contains a project handbook.
520 ## - SUMMARY, ETC.
Summary, etc. Supersedes third edition (ISBN 1405103094).
521 ## - TARGET AUDIENCE NOTE
Target audience note Advanced
590 ## - LOCAL NOTE (RLIN)
Local note KA
651 #4 - SUBJECT ADDED ENTRY--GEOGRAPHIC NAME
Geographic name United Kingdom
Chronological subdivision
690 ## - LOCAL SUBJECT ADDED ENTRY--TOPICAL TERM (OCLC, RLIN)
Topical term or geographic name as entry element Project management
9 (RLIN) 6261
942 ## - ADDED ENTRY ELEMENTS (KOHA)
Suppress in OPAC 0
Holdings
Withdrawn status Lost status Source of classification or shelving scheme Damaged status Not for loan Home library Current library Shelving location Date acquired Cost, normal purchase price Total Checkouts Full call number Barcode Date last seen Copy number Cost, replacement price Price effective from Koha item type
    Dewey Decimal Classification     London London Basement 12/03/2010 49.99   F658.404 CHA (BASEMENT) 30075414 06/08/2019 1 49.99 06/08/2019 Book